000 00474cam a2200193 4500
001 D1370
008 090401t1982 xxu||||| |||| 00| 0 eng d
035 _a(Sirsi) u63655
041 _aeng
050 _a541.361
100 _aBeever, P.F.
245 _aSpontaneous combustion
260 _aGarston, Watford
_bBuilding Research Establishment
_c1982
300 _a4p. ill. 30cm
350 _a0
490 _aInformation Paper
_v6/82
942 _n0
948 _c04/03/1997
999 _c94591
_d94591